| 000 | 00780nam a2200241 i 4500 | ||
|---|---|---|---|
| 001 | 000039237 | ||
| 003 | DO-SdBNP | ||
| 005 | 20250822091637.0 | ||
| 007 | ta | ||
| 008 | 130617s1993 dr 000 0 spa d | ||
| 040 |
_aDO-SdBNP _bspa _cBNPHU _erda |
||
| 041 | _aspa | ||
| 082 | 4 |
_axxx _bxxx _222 |
|
| 245 | 0 | 3 |
_aLa investigación sobre la mujer en América Latina : _bestudios del género y desafíos de sociedad / _cCoordinación, Claudia Serrano. |
| 264 | 1 |
_aSanto Domingo : _bINSTRAW; _bUNESCO _bCIPAF, _c1993. |
|
| 300 |
_a192 páginas ; _c22 cm. |
||
| 336 |
_atexto _btxt _2rdacontent |
||
| 337 |
_asin mediación _bn _2rdamedia |
||
| 338 |
_avolumen _bnc _2rdacarrier |
||
| 500 | _aIncluye referencias bibliográficas | ||
| 590 | _aInventariado, 2025/BT | ||
| 942 |
_2ddc _cLBS1 |
||
| 999 |
_c38727 _d38727 |
||